000 00553nam a22002057a 4500
005 20251108172426.0
008 250721s9999 xx 000 0 ara d
082 1 4 _a924.114اعظم
100 1 _aاعظمي، وليد
245 1 0 _aخطاطي بغداد المعاصرين /
264 1 _aبيروت :
_bدار القلم،
300 _a320ص
650 1 7 _aاللغة العربية
650 1 7 _aالخط
650 1 7 _aالخط العربي
650 1 7 _aخط اليد
650 1 7 _aحسن الخط
942 _2ddc
_cBK
999 _c78996
_d78996